000 00512naa a2200193 4500
001 187675
003 ES-MaBCM
005 20251016062615.0
008 111025s2011 esp|r0p 0 ||spa d
021 _axx
035 _a(OCoLC)1365166522
040 _cES-MaBCM
245 0 0 _aEl turismo en España
520 3 _aNúmero monográfico
650 7 _aTurismo
_960556
651 2 4 _aEspaña
_9115342
773 0 _aEn:
_tPapeles de economía española
_dMadrid
_w200066
_gNº 128 (2011), p. 1-319
942 _cAREV
999 _c187675
_d187675